Метод определения характеристик слоя дисперсного материала на пористой фильтрующей перегородке; Энергетика: Эффективность, надежность, безопасность

Bibliografske podrobnosti
Parent link:Энергетика: Эффективность, надежность, безопасность.— 2012.— [С. 303-306]
Drugi avtorji: Василевский М. В. Михаил Викторович, Романдин В. И., Разва А. С. Александр Сергеевич, Зыков Е. Г., Полюшко В. А.
Izvleček:Заглавие с титульного листа
Jezik:ruščina
Izdano: 2012
Serija:Экология и защита окружающей среды
Teme:
Online dostop:http://www.lib.tpu.ru/fulltext/c/2012/C15/117.pdf
Format: MixedMaterials Elektronski Book Chapter
KOHA link:https://koha.lib.tpu.ru/cgi-bin/koha/opac-detail.pl?biblionumber=233603

MARC

LEADER 00000naa2a2200000 4500
001 233603
005 20251223162708.0
035 |a (RuTPU)RU\TPU\book\254682 
035 |a RU\TPU\book\254676 
090 |a 233603 
100 |a 20130306d2012 k y0rusy50 ca 
101 0 |a rus 
102 |a RU 
135 |a drcn ---uucaa 
181 0 |a i  
182 0 |a b 
200 1 |a Метод определения характеристик слоя дисперсного материала на пористой фильтрующей перегородке  |f М. В. Василевский [и др.] 
203 |a Текст  |c электронный 
215 |a 1 файл (511 Кб) 
225 1 |a Экология и защита окружающей среды 
300 |a Заглавие с титульного листа 
320 |a [Библиогр.: с. 306 (5 назв.)] 
337 |a Adobe Reader 
463 1 |0 (RuTPU)RU\TPU\book\254143  |t Энергетика: Эффективность, надежность, безопасность  |o материалы XVIII Всероссийской научно-технической конференции, 5-7 декабря 2012 г., Томск  |f Национальный исследовательский Томский политехнический университет (ТПУ) ; ред. кол. В. В. Литвак [и др.]  |v [С. 303-306]  |d 2012 
610 1 |a труды учёных ТПУ 
610 1 |a электронный ресурс 
610 1 |a метод определения 
610 1 |a характеристики 
610 1 |a дисперсный состав 
610 1 |a пористость 
610 1 |a фильтрующий материал 
701 1 |a Василевский  |b М. В.  |c специалист в области экологии и безопасности жизнедеятельности  |c доцент Томского политехнического университета, кандидат технических наук  |f 1940-  |g Михаил Викторович  |3 (RuTPU)RU\TPU\pers\26189 
701 1 |a Романдин  |b В. И. 
701 1 |a Разва  |b А. С.  |c российский теплотехник  |c старший преподаватель Томского политехнического университета, кандидат технических наук  |g Александр Сергеевич  |3 (RuTPU)RU\TPU\pers\26188 
701 1 |a Зыков  |b Е. Г. 
701 1 |a Полюшко  |b В. А. 
801 1 |a RU  |b 63413507  |c 20120830 
801 2 |a RU  |b 63413507  |c 20140303  |g RCR 
856 4 |u http://www.lib.tpu.ru/fulltext/c/2012/C15/117.pdf 
942 |c CF